Name a Valid Hunger Games Tribute #2 - Statistics

General Stats
  • This quiz has been taken 34 times
  • The average score is 5 of 12
Answer Stats
Answer % Correct
Haymitch | Wyatt | Lou Lou | Maysilee | Rue
76%
Lucy Gray | Mags | Woof
72%
Otto | Glimmer | Cato
60%
Facet | Velvereen | Circ | Mizzen | Sol | Ginnee | Treech | Bobbin | Tanner | Brandy | Reaper | Jessup
48%
Circ | Coral | Sol | Otto | Treech | Reaper
36%
Coral | Lucy Gray | Silka/Maritte | Marvel | Thresh
36%
Maysilee
36%
Wovey | Dill
28%
Ampert | Panache | Gloss | Cashmere
24%
Brandy | Maritte | Maysilee
24%
Sheaf | Kerna | Midge
12%
Hy | Miles
8%
No matching quizzes found
Score Distribution
Percent of People with Each Score
Percentile by Number Answered
Your Score History
You have not taken this quiz